00773nam a2200169Ia 4500008004100000020001800041082002300059245019700082250000600279260004700285300001100332500004700343650003100390700005600421952010900477999001700586120622s9999 xx 000 0 und d a968-444-012-X aC 330.03 D545 1981 aDiccionario de economía : una exposición alfabética de conceptos económicos y su aplicación / rec. por Arthur Seldon y F. G. Pennance ; vers. castellana de Antonio Casahuga Vinardell a3 aMéxico : Editorial del Valle de México a554 p. aTítulo original: Dictionary of economics a1. ECONOMIA - DICCIONARIOS aSeldon, Arthur ; comp. \ Pennance, F. G. ; comp.Ì 00104070a01b01d2007-01-25l5oC 330.03 D545 1981p01 000952r2018-10-12s2018-10-12w2012-06-24yLB c56786d56786